[Event "Gibtelecom Masters 8th"]
[Site "Gibraltar"]
[Date "2010.01.26"]
[Round "1.52"]
[White "Nilsen, Joachim Birger"]
[Black "Degtiarev, Evgeny"]
[Result "0-1"]
[WhiteElo "2152"]
[BlackElo "2374"]
[PlyCount "68"]
[EventDate "2010.01.26"]
[EventType "swiss"]
[EventRounds "10"]
[EventCountry "GGB"]
[SourceDate "2005.02.07"]

1. e4 c5 2. Nf3 d6 3. d4 cxd4 4. Nxd4 Nf6 5. Nc3 Nc6 6. Bg5 e6 7. Qd2 a6 8O-O-O Bd7 9. f3 Rc8 10. Kb1 Qa5 11. h4 h6 12. Bxf6 gxf6 13. h5 Be7 14. f4 Nxd4
15. Qxd4 Qc5 16. Qd2 b5 17. f5 b4 18. Ne2 e5 19. Ng3 a5 20. Be2 a4 21. b3 Qc3
22. Nf1 axb3 23. cxb3 Qxd2 24. Rxd2 Rc3 25. Kb2 d5 26. Rxd5 Bc5 27. Rd1 Bd4 28Kb1 Bc6 29. Bf3 Bb5 30. Ng3 Bd3+ 31. Rxd3 Rxd3 32. Ne2 Be3 33. Nc1 Rd2 34. Ne2
O-O 0-1

[Event "Gibtelecom Masters 8th"]
[Site "Gibraltar"]
[Date "2010.01.26"]
[Round "1.53"]
[White "Solomon, Kenny"]
[Black "Groffen, Hans"]
[Result "1-0"]
[WhiteElo "2368"]
[BlackElo "2150"]
[PlyCount "115"]
[EventDate "2010.01.26"]
[EventType "swiss"]
[EventRounds "10"]
[EventCountry "GGB"]
[SourceDate "2005.02.07"]

1. Nf3 d5 2. g3 Bg4 3. Bg2 c6 4. O-O Nd7 5. d3 Ngf6 6. h3 Bxf3 7. Bxf3 e5 8Bg2 Bd6 9. c4 dxc4 10. dxc4 Qe7 11. Nc3 O-O 12. Qc2 a5 13. Bg5 h6 14. Bd2 Nc5
15. Rad1 Ne6 16. e3 Rfd8 17. Kh1 Nc5 18. f4 Bc7 19. Bc1 Rxd1 20. Rxd1 Rd8 21b3 Rxd1+ 22. Qxd1 Qd7 23. Qxd7 Nfxd7 24. Ba3 Bb6 25. Bf1 Na6 26. Bc1 Nac5 27Kg2 f5 28. g4 g6 29. gxf5 gxf5 30. fxe5 Nxe5 31. e4 Nxe4 32. Nxe4 fxe4 33. Bxh6
Kf7 34. Be2 Kg6 35. Bd2 Kf5 36. h4 Ng6 37. Bg5 Bc7 38. Bd1 Bb6 39. Kh3 Bf2 40Bg4+ Ke5 41. h5 Nf4+ 42. Kh2 b5 43. cxb5 cxb5 44. h6 Ng6 45. h7 Bd4 46. Bd7 b4
47. Kg2 Nh8 48. Bd8 Kd6 49. Bg4 a4 50. bxa4 Nf7 51. Bh4 Kc6 52. Bh5 Nd6 53. Be1
Nc4 54. Bxb4 Nb2 55. Be8+ Kb6 56. a5+ Ka6 57. a4 Nd1 58. Bb5+ 1-0

[Event "Gibtelecom Masters 8th"]
[Site "Gibraltar"]
[Date "2010.01.26"]
[Round "1.54"]
[White "Goodger, Martyn"]
[Black "Zaremba, Andrie"]
[Result "0-1"]
[WhiteElo "2147"]
[BlackElo "2360"]
[PlyCount "68"]
[EventDate "2010.01.26"]
[EventType "swiss"]
[EventRounds "10"]
[EventCountry "GGB"]
[SourceDate "2005.02.07"]

1. e4 c5 2. c3 Nc6 3. d4 d5 4. exd5 Qxd5 5. dxc5 Qxd1+ 6. Kxd1 e5 7. Be3 Nf6 8b4 Nd5 9. Bd2 e4 10. a3 a5 11. Bb5 Be7 12. c4 Nc7 13. Bxc6+ bxc6 14. Bc3 O-15. Nd2 Rd8 16. Ne2 Bg4 17. h3 Bh5 18. g4 Bg6 19. Nf4 axb4 20. Nxg6 Bxc5 21Be5 Ne6 22. Nf4 e3 23. fxe3 Bxe3 24. Ke2 Bxf4 25. Bxf4 Nxf4+ 26. Ke3 bxa3 27Ne4 Ne6 28. Ra2 Re8 29. Nd6 Reb8 30. Nf5 Rb3+ 31. Ke4 Rd8 32. Ne7+ Kf8 33. Nxc6
Rd6 34. Ne5 Rd4+ 0-1

[Event "Gibtelecom Masters 8th"]
[Site "Gibraltar"]
[Date "2010.01.26"]
[Round "1.55"]
[White "Calzetta Ruiz, Monica"]
[Black "Lipecki, Alexander"]
[Result "1-0"]
[WhiteElo "2359"]
[BlackElo "2146"]
[PlyCount "105"]
[EventDate "2010.01.26"]
[EventType "swiss"]
[EventRounds "10"]
[EventCountry "GGB"]
[SourceDate "2005.02.07"]

1. e4 e6 2. d4 d5 3. Nd2 Nc6 4. Ngf3 Nf6 5. e5 Nd7 6. Be2 f6 7. exf6 Qxf6 8Nf1 Bd6 9. Ne3 O-O 10. O-O Qg6 11. c4 Ne7 12. c5 Bf4 13. b4 c6 14. Nc2 Bc7 15Bb2 Bf4 16. a4 a6 17. Ra3 Qf6 18. Ne3 Ng6 19. Ng4 Qf5 20. h3 e5 21. dxe5 Ngxe5
22. Ngxe5 Nxe5 23. Nxe5 Bxe5 24. Rf3 Qe4 25. Re3 Qxe3 26. fxe3 Rxf1+ 27. Bxf1
Bxb2 28. Bd3 g6 29. h4 Kg7 30. h5 Be6 31. hxg6 hxg6 32. Qc2 Be5 33. Bxg6 Rh8
34. Bd3 Bh2+ 35. Kf1 Rf8+ 36. Ke1 Bg4 37. Qc3+ Kg8 38. Qd4 Bg3+ 39. Kd2 Rf2+
40. Kc1 Be6 41. b5 axb5 42. axb5 Rf8 43. Be2 Kf7 44. Bh5+ Kg8 45. Bg4 Rf1+ 46Kb2 Bf7 47. Be2 Rf2 48. Qg4+ Kf8 49. Qxg3 Rxe2+ 50. Kc3 cxb5 51. Kd3 Rb2 52Qb8+ Be8 53. Qd6+ 1-0

[Event "Gibtelecom Masters 8th"]
[Site "Gibraltar"]
[Date "2010.01.26"]
[Round "1.56"]
[White "Hughes, Roy"]
[Black "Saravanan, Venkat"]
[Result "0-1"]
[WhiteElo "1976"]
[BlackElo "2356"]
[PlyCount "52"]
[EventDate "2010.01.26"]
[EventType "swiss"]
[EventRounds "10"]
[EventCountry "GGB"]
[SourceDate "2005.02.07"]

1. e4 c5 2. Nc3 d6 3. f4 Nc6 4. Nf3 g6 5. Bb5 Bg7 6. Bxc6+ bxc6 7. d3 Nf6 8O-O O-O 9. Na4 c4 10. e5 Nd7 11. d4 Qa5 12. Nc3 c5 13. Nd5 Bb7 14. Nxe7+ Kh8
15. f5 dxe5 16. dxe5 Nxe5 17. Nxe5 Bxe5 18. f6 Qb6 19. Bh6 Bxf6 20. Bxf8 Bd4+
21. Kh1 Rxf8 22. c3 Qxb2 23. Qg4 Qxc3 24. Rac1 Qd3 25. Rce1 Ba8 26. h4 f5 0-1

[Event "Gibtelecom Masters 8th"]
[Site "Gibraltar"]
[Date "2010.01.26"]
[Round "1.57"]
[White "Thingstad, Even"]
[Black "Green, Per"]
[Result "1-0"]
[WhiteElo "2141"]
[BlackElo "1970"]
[PlyCount "67"]
[EventDate "2010.01.26"]
[EventType "swiss"]
[EventRounds "10"]
[EventCountry "GGB"]
[SourceDate "2005.02.07"]

1. d4 e6 2. c4 Nf6 3. Nc3 Bb4 4. Qc2 O-O 5. a3 Bxc3+ 6. Qxc3 b5 7. cxb5 c6 8f3 cxb5 9. e4 Nxe4 10. fxe4 Qh4+ 11. Qg3 Qxe4+ 12. Qe3 Qh4+ 13. g3 Qd8 14. Bg2
Nc6 15. Nf3 Bb7 16. O-O Ne7 17. Qd3 Qb6 18. Be3 Bd5 19. Ng5 f5 20. Bxd5 Nxd5
21. Nf3 d6 22. Bf2 Qb7 23. Rae1 Rae8 24. Re2 Re7 25. Rfe1 Rfe8 26. Ng5 Qd7 27Qf3 h6 28. Nxe6 Nf6 29. d5 g6 30. Bd4 Ne4 31. Rxe4 fxe4 32. Qf6 Kh7 33. Rxe4
Rf7 34. Ng5+ 1-0

[Event "Gibtelecom Masters 8th"]
[Site "Gibraltar"]
[Date "2010.01.26"]
[Round "1.58"]
[White "Helin, Mikael"]
[Black "Aerni, Andi"]
[Result "0-1"]
[WhiteElo "1972"]
[BlackElo "2137"]
[PlyCount "80"]
[EventDate "2010.01.26"]
[EventType "swiss"]
[EventRounds "10"]
[EventCountry "GGB"]
[SourceDate "2005.02.07"]

1. e4 d5 2. d4 dxe4 3. Nc3 Nf6 4. f3 exf3 5. Nxf3 g6 6. Bc4 Bg7 7. O-O O-O 8Qe1 Bg4 9. Qh4 Nc6 10. Be3 Bxf3 11. Rxf3 Qd7 12. h3 Rad8 13. Rd1 Nb4 14. Bb3
Qc6 15. Bh6 Qb6 16. Na4 Qb5 17. Nc5 b6 18. Bxg7 Kxg7 19. Rxf6 exf6 20. Rf1 Qc6
21. Ne4 Rxd4 22. Qxf6+ Qxf6 23. Nxf6 Nc6 24. g4 Ne5 25. Kg2 c5 26. g5 c4 27Ba4 a6 28. Re1 b5 29. Bxb5 axb5 30. Rxe5 b4 31. a4 bxa3 32. bxa3 Rd2+ 33. Kf3
Rxc2 34. a4 Ra2 35. a5 Ra3+ 36. Ke4 Ra8 37. h4 R3xa5 38. Re7 Rc8 39. Ng4 Rac5
40. Ne5 Rxe5+ 0-1

[Event "Gibtelecom Masters 8th"]
[Site "Gibraltar"]
[Date "2010.01.26"]
[Round "1.59"]
[White "Popa-Matei, Viorel-Ovidiu"]
[Black "Young, Melvyn"]
[Result "1-0"]
[WhiteElo "2137"]
[BlackElo "1717"]
[PlyCount "109"]
[EventDate "2010.01.26"]
[EventType "swiss"]
[EventRounds "10"]
[EventCountry "GGB"]
[SourceDate "2005.02.07"]

1. e4 c5 2. d4 cxd4 3. c3 dxc3 4. Nxc3 Nc6 5. Bc4 e6 6. Nf3 d6 7. O-O a6 8. Qe2
Be7 9. Rd1 Bd7 10. Bf4 e5 11. Be3 Nf6 12. h3 O-O 13. Rac1 Rc8 14. Bd5 Qa5 15a3 b5 16. Nd2 Qd8 17. b4 Nd4 18. Qd3 Nxd5 19. Nxd5 Bf6 20. Bxd4 exd4 21. Nxf6+
Qxf6 22. Nf3 Rc3 23. Qxd4 Qxd4 24. Nxd4 Rxa3 25. Rc7 Be6 26. Nc2 Ra2 27. Rxd6
a5 28. bxa5 Rxa5 29. Rb6 Bc4 30. Ne3 Bd3 31. e5 b4 32. f4 Ra1+ 33. Kf2 g5 34g3 Ra2+ 35. Kf3 gxf4 36. gxf4 Rh2 37. Kg3 Re2 38. Ng4 Kh8 39. Rxb4 h5 40. Nf6
Re3+ 41. Kg2 h4 42. Rcb7 Rg3+ 43. Kf2 Rxh3 44. Rb8 Rxb8 45. Rxb8+ Kg7 46. Rg8+
Kh6 47. Rg5 Bg6 48. Ng4+ Kh7 49. f5 Kg7 50. fxg6 fxg6 51. e6 Ra3 52. Rd5 Ra8
53. Rd7+ Kh8 54. Nf6 Rf8 55. Rh7# 1-0

[Event "Gibtelecom Masters 8th"]
[Site "Gibraltar"]
[Date "2010.01.26"]
[Round "1.60"]
[White "Mikalsen, Erlend"]
[Black "Andersson, Lars"]
[Result "1-0"]
[WhiteElo "1973"]
[BlackElo "2132"]
[PlyCount "47"]
[EventDate "2010.01.26"]
[EventType "swiss"]
[EventRounds "10"]
[EventCountry "GGB"]
[SourceDate "2005.02.07"]

1. e4 d6 2. d4 Nf6 3. Bd3 e5 4. dxe5 dxe5 5. Nc3 Be7 6. Nf3 Nbd7 7. Nd5 O-O 8Nxe7+ Qxe7 9. O-O Nc5 10. Qe2 Nxd3 11. cxd3 c5 12. Bg5 h6 13. Bh4 Rd8 14. Bg3
Nd7 15. Nh4 g5 16. Nf5 Qf8 17. Qh5 Nf6 18. Qf3 Nd7 19. h4 f6 20. Qh5 Kh7 21Kh2 Nb6 22. hxg5 Bxf5 23. exf5 Qg7 24. gxf6 1-0

[Event "Gibtelecom Masters 8th"]
[Site "Gibraltar"]
[Date "2010.01.26"]
[Round "1.61"]
[White "Osuna Vega, Enrique"]
[Black "Andersen, Niels Erik"]
[Result "1-0"]
[WhiteElo "2128"]
[BlackElo "1965"]
[PlyCount "213"]
[EventDate "2010.01.26"]
[EventType "swiss"]
[EventRounds "10"]
[EventCountry "GGB"]
[SourceDate "2005.02.07"]

1. d4 Nf6 2. Nf3 g6 3. Nc3 Bg7 4. e4 d6 5. Be3 c6 6. Qd2 b5 7. Bd3 O-O 8. Bh6
Nbd7 9. e5 dxe5 10. dxe5 Ng4 11. Bxg7 Kxg7 12. Qf4 Nc5 13. h3 Nh6 14. Rd1 Qc7
15. h4 Bg4 16. h5 Ne6 17. Qg3 f5 18. exf6+ Rxf6 19. Qxc7 Nxc7 20. Be2 Rd6 21hxg6 hxg6 22. O-O Rad8 23. Rde1 Bf5 24. Rc1 Ng4 25. Ng5 Nf6 26. Bf3 Ne6 27Nxe6+ Rxe6 28. Rfe1 Rdd6 29. a3 Kf7 30. Rxe6 Bxe6 31. Rd1 Rxd1+ 32. Nxd1 Bd5
33. Be2 Be6 34. Ne3 Nd5 35. Nxd5 Bxd5 36. f4 Kf6 37. Kf2 e5 38. g3 a5 39. Ke3
a4 40. Bd3 g5 41. fxe5+ Kxe5 42. Be2 Be6 43. Bd1 c5 44. Bf3 Bd7 45. c3 c4 46Bb7 Be8 47. Kf2 Bd7 48. Kf3 Be8 49. Kg4 Kf6 50. Be4 Ke5 51. Ba8 Kf6 52. Bb7 Kg6
53. Kf3 Kf5 54. Bc8+ Ke5 55. Bb7 Bh5+ 56. Ke3 Be8 57. Bf3 Bd7 58. Bh5 Bc6 59Bg6 Bd7 60. Kf3 Kf6 61. Bh5 Ke5 62. Bf7 Kf6 63. Bd5 Ke5 64. Be4 Be8 65. Bb7
Bh5+ 66. Kf2 Be8 67. Ke3 Bd7 68. Kf3 Be8 69. Kg4 Kf6 70. Bc8 Kg6 71. Kf3 Kf6
72. Ke4 Bc6+ 73. Kd4 Be8 74. Kd5 Bf7+ 75. Kd6 Be8 76. Bg4 Kg6 77. Ke7 Bc6 78Be6 Kg7 79. Bf5 Kh6 80. g4 Kg7 81. Be6 Kg6 82. Bf7+ Kg7 83. Bh5 Bf3 84. Ke6 Be2
85. Kf5 Kh6 86. Ke4 Kg7 87. Kf5 Kh6 88. Be8 Bd3+ 89. Kf6 Be2 90. Kf5 Bd3+ 91Ke5 Be2 92. Bxb5 Bxg4 93. Bxa4 Bf3 94. Bd7 Kh5 95. Kd4 g4 96. Bxg4+ Kxg4 97Kxc4 Kf5 98. Kc5 Ke6 99. b4 Kd7 100. Kb6 Bd1 101. c4 Bb3 102. c5 Ba4 103. b5
Bd1 104. Kb7 Bf3+ 105. c6+ Kd6 106. Kb6 Bg4 107. a4 1-0

[Event "Gibtelecom Masters 8th"]
[Site "Gibraltar"]
[Date "2010.01.26"]
[Round "1.62"]
[White "Webster, Richard J"]
[Black "De Andres Gonalons, Fernando"]
[Result "1-0"]
[WhiteElo "1961"]
[BlackElo "2124"]
[PlyCount "143"]
[EventDate "2010.01.26"]
[EventType "swiss"]
[EventRounds "10"]
[EventCountry "GGB"]
[SourceDate "2005.02.07"]

1. e4 e6 2. d4 d5 3. Nc3 dxe4 4. Nxe4 Nd7 5. Nf3 Be7 6. Bd3 Ngf6 7. O-O Nxe4 8Bxe4 c5 9. c3 Qc7 10. Be3 O-O 11. Bc2 b6 12. Qd3 Nf6 13. Bg5 g6 14. dxc5 Qxc5
15. Rad1 Bb7 16. h4 Rfd8 17. Qe2 Nh5 18. Bxe7 Qxe7 19. Be4 Nf4 20. Qe3 Bxe4 21Qxe4 Qf6 22. Rd4 Rxd4 23. Qxa8+ Rd8 24. Qxa7 e5 25. Qa4 Qf5 26. Rd1 Rxd1+ 27Qxd1 Qg4 28. Qf1 e4 29. Nh2 Qxh4 30. Qb5 Qf6 31. Qe8+ Kg7 32. Qxe4 Qd6 33. Nf3
Nd3 34. b3 h5 35. Qd4+ Qxd4 36. Nxd4 Kf6 37. Kf1 g5 38. a4 Ke5 39. Nf3+ Kf4 40b4 f6 41. Nd2 Ne5 42. Ke2 h4 43. Nf1 Ke4 44. Ne3 Nd7 45. f3+ Ke5 46. a5 bxa5
47. Nc4+ Kd5 48. Nxa5 f5 49. Ke3 Nb6 50. Kf2 g4 51. fxg4 fxg4 52. Ke3 Na4 53c4+ Kd6 54. Kf4 h3 55. gxh3 gxh3 56. Kg3 Kc7 57. c5 Kb8 58. Kxh3 Ka7 59. Nc6+
Kb7 60. Nd4 Nb2 61. Kg4 Nd3 62. c6+ Kb6 63. b5 Nb2 64. Kf5 Na4 65. Ke6 Kc7 66Kd5 Nb6+ 67. Kc5 Na4+ 68. Kb4 Nb2 69. Ne6+ Kb6 70. Nf4 Kc7 71. Kb3 Nd1 72. Nd5+
1-0

[Event "Gibtelecom Masters 8th"]
[Site "Gibraltar"]
[Date "2010.01.26"]
[Round "1.63"]
[White "Vinas Guerrero, Carlos A"]
[Black "Jacobsen, Fredrik Beer"]
[Result "1-0"]
[WhiteElo "2120"]
[BlackElo "1952"]
[PlyCount "57"]
[EventDate "2010.01.26"]
[EventType "swiss"]
[EventRounds "10"]
[EventCountry "GGB"]
[SourceDate "2005.02.07"]

1. e4 e5 2. Nf3 Nc6 3. Bb5 a6 4. Bxc6 dxc6 5. O-O Bg4 6. h3 h5 7. d3 Qf6 8Nbd2 Ne7 9. Nc4 Ng6 10. hxg4 hxg4 11. Bg5 Qe6 12. Nh2 Rh5 13. Be3 Nf4 14. Nxe5
Qxe5 15. Nxg4 Qg5 16. Bxf4 Qxf4 17. Nf6+ Qxf6 18. Qxh5 g6 19. e5 Qe7 20. Qg4
Qc5 21. c3 Be7 22. Rfe1 Kf8 23. e6 Kg7 24. exf7 Rf8 25. d4 Qg5 26. Qxg5 Bxg5
27. Re8 Rxf7 28. Rae1 Bh4 29. g3 1-0

[Event "Gibtelecom Masters 8th"]
[Site "Gibraltar"]
[Date "2010.01.26"]
[Round "1.64"]
[White "Boesch, Heinz"]
[Black "Tozer, Philip"]
[Result "1-0"]
[WhiteElo "1948"]
[BlackElo "2119"]
[PlyCount "83"]
[EventDate "2010.01.26"]
[EventType "swiss"]
[EventRounds "10"]
[EventCountry "GGB"]
[SourceDate "2005.02.07"]

1. e4 e6 2. d4 d5 3. Nc3 Nf6 4. e5 Nfd7 5. Nce2 c5 6. c3 Nc6 7. Nf3 cxd4 8cxd4 f6 9. exf6 Nxf6 10. g3 Bb4+ 11. Bd2 Qb6 12. Bc3 O-O 13. Bg2 Ne4 14. O-Bd6 15. Nd2 Nxd2 16. Qxd2 Bd7 17. f4 Ne7 18. Kh1 Nf5 19. Ng1 Rac8 20. Rfe1 Rc4
21. Nf3 Rfc8 22. Bf1 Rb4 23. a3 Rb3 24. Rac1 a6 25. Be2 Qa7 26. Bd3 Rb6 27. Bb1
g6 28. Ng5 Ng7 29. Qg2 Be7 30. Nf3 Bf6 31. Ne5 Bxe5 32. Rxe5 Rbc6 33. Rce1 Rf8
34. h3 Kh8 35. Bd3 Rcc8 36. h4 Nf5 37. Bxf5 gxf5 38. Rxe6 Bxe6 39. Rxe6 Rce8
40. Qxd5 Qb8 41. Qd7 Rxe6 42. Qxe6 1-0

[Event "Gibtelecom Masters 8th"]
[Site "Gibraltar"]
[Date "2010.01.26"]
[Round "1.65"]
[White "Collier, David O"]
[Black "Mancini, Giustino"]
[Result "1-0"]
[WhiteElo "2118"]
[BlackElo "1946"]
[PlyCount "109"]
[EventDate "2010.01.26"]
[EventType "swiss"]
[EventRounds "10"]
[EventCountry "GGB"]
[SourceDate "2005.02.07"]

1. d4 d5 2. c4 c6 3. Nf3 Nf6 4. Nc3 a6 5. e3 Nbd7 6. cxd5 cxd5 7. Bd3 e6 8. O-b5 9. a3 Bb7 10. b3 Rc8 11. Bb2 Ne4 12. Ne2 Be7 13. Nd2 O-O 14. f3 Nef6 15. g4
Qb6 16. Ng3 b4 17. a4 a5 18. Rf2 Bd6 19. g5 Ne8 20. f4 g6 21. h4 f6 22. gxf6
Nexf6 23. Rg2 Kf7 24. Nf3 Ke7 25. Ng5 Rg8 26. Qe2 Rc6 27. h5 Ba6 28. Bxa6 Qxa6
29. Qxa6 Rxa6 30. hxg6 Rxg6 31. Rc1 h6 32. Nf3 Ng4 33. Nf1 Kd8 34. Ne5 Ngxe5
35. dxe5 Rxg2+ 36. Kxg2 Be7 37. Bd4 Ra8 38. Rc6 Nf8 39. Bb6+ Kd7 40. Rc7+ Ke8
41. Rc2 Ng6 42. Ng3 Ra6 43. Bd4 Ra8 44. Kh3 Kd7 45. Nh5 Bd8 46. Ng7 Be7 47. Bb6
Bd8 48. Bxd8 Rxd8 49. Nh5 Ra8 50. Nf6+ Kd8 51. Rc6 Nf8 52. Kg4 Ra7 53. Kf3 Ra8
54. Nxd5 exd5 55. Rxh6 1-0

[Event "Gibtelecom Masters 8th"]
[Site "Gibraltar"]
[Date "2010.01.26"]
[Round "1.66"]
[White "Skage, Oystein Aagedal"]
[Black "Valgmae, Toomas"]
[Result "0-1"]
[WhiteElo "1935"]
[BlackElo "2117"]
[PlyCount "74"]
[EventDate "2010.01.26"]
[EventType "swiss"]
[EventRounds "10"]
[EventCountry "GGB"]
[SourceDate "2005.02.07"]

1. e4 d6 2. d4 Nf6 3. Nc3 g6 4. f4 Bg7 5. Nf3 c5 6. dxc5 Qa5 7. Bb5+ Bd7 8. Qe2
O-O 9. Bd2 Nxe4 10. Qxe4 Bxb5 11. Nd5 Qd8 12. Nxe7+ Kh8 13. O-O-O Nc6 14. cxd6
Qxd6 15. Rhe1 Nxe7 16. Qxe7 Qa6 17. Kb1 Rae8 18. Qh4 Be2 19. Ng5 h6 20. Bc3 Kg8
21. Bxg7 Kxg7 22. Nxf7 Rxf7 23. Rd2 Rfe7 24. g4 Qc6 25. f5 g5 26. Qg3 Re5 27h3 Bxg4 28. Rf1 Bxf5 29. a3 Qe4 30. Qb3 Rc8 31. Rd7+ Kh8 32. Qf7 Qxc2+ 33. Ka1
Qc1+ 34. Rxc1 Rxc1+ 35. Ka2 Be6+ 36. Qxe6 Rxe6 37. Rxb7 a6 0-1

[Event "Gibtelecom Masters 8th"]
[Site "Gibraltar"]
[Date "2010.01.26"]
[Round "1.67"]
[White "Doubleday, William G"]
[Black "De Lillo, Michele"]
[Result "0-1"]
[WhiteElo "2115"]
[BlackElo "1934"]
[PlyCount "128"]
[EventDate "2010.01.26"]
[EventType "swiss"]
[EventRounds "10"]
[EventCountry "GGB"]
[SourceDate "2005.02.07"]

1. d4 Nf6 2. c4 g6 3. Nc3 Bg7 4. e4 d6 5. Be2 O-O 6. Nf3 e5 7. O-O Nc6 8. d5
Ne7 9. Ne1 Ne8 10. Nd3 f5 11. Bd2 Nf6 12. f3 f4 13. c5 g5 14. cxd6 cxd6 15. Nf2
h5 16. h3 Kh8 17. a4 Neg8 18. Qc2 Nh6 19. Nb5 Rf7 20. Rfc1 Ne8 21. Ra3 a6 22Rc3 Bd7 23. Nc7 Nxc7 24. Rxc7 Bxa4 25. Qc3 Rxc7 26. Qxc7 Qxc7 27. Rxc7 Rb8 28Ba5 Bf6 29. Rc3 Nf7 30. Bb6 Kg8 31. Kf1 Kf8 32. Ke1 Bd7 33. Kd2 Bd8 34. Bxd8
Nxd8 35. Rc7 Ke8 36. Nd1 Rc8 37. Rxc8 Bxc8 38. Kc3 Kd7 39. b4 b5 40. Nf2 Kc7
41. Nd3 Kb6 42. Nc1 Bd7 43. Nb3 Nb7 44. Nd2 a5 45. Nb3 axb4+ 46. Kxb4 Nc5 47Nxc5 dxc5+ 48. Kb3 Ka5 49. Ka3 c4 50. Bf1 b4+ 51. Ka2 Kb5 52. Kb2 Kc5 53. Kc2
Kd4 54. Be2 Ba4+ 55. Kb2 c3+ 56. Kc1 b3 57. Ba6 Bd7 58. Bb7 Kc5 59. Ba6 g4 60h4 gxf3 61. gxf3 Kb4 62. Bb7 Ka3 63. Bc6 Bxc6 64. dxc6 Ka2 0-1

[Event "Gibtelecom Masters 8th"]
[Site "Gibraltar"]
[Date "2010.01.26"]
[Round "1.69"]
[White "Fokin, Sergey"]
[Black "Winkler, Stefan"]
[Result "1-0"]
[WhiteElo "2109"]
[BlackElo "1916"]
[PlyCount "63"]
[EventDate "2010.01.26"]
[EventType "swiss"]
[EventRounds "10"]
[EventCountry "GGB"]
[SourceDate "2005.02.07"]

1. Nf3 Nf6 2. c4 e6 3. d4 Bb4+ 4. Nbd2 O-O 5. g3 d5 6. Qc2 Ne4 7. Bg2 f5 8. O-Nd7 9. cxd5 exd5 10. Qb3 Bxd2 11. Qxd5+ Kh8 12. Bxd2 c6 13. Qb3 Nxd2 14. Nxd2
Nf6 15. Nf3 Nd5 16. Ne5 a5 17. Bxd5 cxd5 18. e3 g5 19. f4 g4 20. Rac1 Ra6 21Rc5 Rb6 22. Qa3 Be6 23. Rf2 Bg8 24. Qxa5 Qd6 25. Qc3 Qd8 26. Rc7 Be6 27. b3 Kg8
28. h3 Rf6 29. Rc2 gxh3 30. Kh2 Kh8 31. Qa5 Ra6 32. Rxh7+ 1-0

[Event "Gibtelecom Masters 8th"]
[Site "Gibraltar"]
[Date "2010.01.26"]
[Round "1.70"]
[White "Grant, David"]
[Black "Flermoen, Peter"]
[Result "1-0"]
[WhiteElo "1913"]
[BlackElo "2108"]
[PlyCount "61"]
[EventDate "2010.01.26"]
[EventType "swiss"]
[EventRounds "10"]
[EventCountry "GGB"]
[SourceDate "2005.02.07"]

1. e4 c5 2. c3 Nf6 3. e5 Nd5 4. d4 cxd4 5. cxd4 Nc6 6. Nc3 Nxc3 7. bxc3 e6 8f4 d6 9. Nf3 Be7 10. Bd3 O-O 11. O-O b6 12. Ba3 h6 13. Qe1 Bb7 14. Qe4 g6 15Qe3 Kg7 16. Rae1 Rc8 17. Bc1 Rh8 18. g4 dxe5 19. fxe5 Na5 20. Nd2 Rxc3 21. Ne4
Bxe4 22. Qxe4 Qe8 23. Bb2 Rc8 24. d5 Bh4 25. Re3 Rf8 26. Ref3 Kh8 27. Rh3 Bg5
28. Rf6 exd5 29. e6 Kh7 30. Qe5 Qa4 31. Qxg5 1-0

[Event "Gibtelecom Masters 8th"]
[Site "Gibraltar"]
[Date "2010.01.26"]
[Round "1.71"]
[White "Hagen, Anders Gjerdrum"]
[Black "Frey, Matthias"]
[Result "1-0"]
[WhiteElo "2108"]
[BlackElo "1907"]
[PlyCount "37"]
[EventDate "2010.01.26"]
[EventType "swiss"]
[EventRounds "10"]
[EventCountry "GGB"]
[SourceDate "2005.02.07"]

1. d4 d5 2. c4 c6 3. Nf3 e6 4. e3 Nf6 5. Nc3 Nbd7 6. Bd3 dxc4 7. Bxc4 b5 8. Bd3
a6 9. e4 c5 10. e5 cxd4 11. Nxb5 axb5 12. exf6 e5 13. fxg7 Bxg7 14. O-O Bb7 15Re1 Bxf3 16. Qxf3 Rc8 17. Qg4 Kf8 18. Bg5 f6 19. Bd2 1-0

[Event "Gibtelecom Masters 8th"]
[Site "Gibraltar"]
[Date "2010.01.26"]
[Round "1.72"]
[White "Johnson, Paul A"]
[Black "Demac, Elias"]
[Result "1/2-1/2"]
[WhiteElo "1904"]
[BlackElo "2104"]
[PlyCount "100"]
[EventDate "2010.01.26"]
[EventType "swiss"]
[EventRounds "10"]
[EventCountry "GGB"]
[SourceDate "2005.02.07"]

1. d4 Nf6 2. c4 g6 3. Nc3 Bg7 4. Nf3 O-O 5. e4 d6 6. Be2 e5 7. dxe5 dxe5 8Qxd8 Rxd8 9. Bg5 Re8 10. h3 c6 11. O-O-O Nbd7 12. Be3 Bf8 13. Bd3 b6 14. Bc2
Ba6 15. b3 Ba3+ 16. Kb1 Rac8 17. Bc1 Bc5 18. Be3 Bxe3 19. fxe3 Kg7 20. g4 h6
21. Rh2 Nf8 22. Rhd2 Ne6 23. Ne2 Ng5 24. Nxg5 hxg5 25. Ng3 Rh8 26. Rh1 Rcd8 27Kc1 c5 28. Bd1 Bb7 29. Bf3 a6 30. a4 Bc6 31. Kc2 b5 32. axb5 axb5 33. cxb5
Rxd2+ 34. Kxd2 Bxb5 35. Kc3 Kf8 36. Bg2 Ke7 37. Ra1 Rd8 38. Bf1 Bxf1 39. Rxf1
Ra8 40. Kb2 Rb8 41. Rc1 Kd6 42. Rd1+ Ke6 43. Rc1 Nd7 44. Rc2 Kd6 45. Nh1 Rb4
46. Rc4 Rb5 47. Rc1 Nb6 48. Kc3 Rb4 49. Nf2 f6 50. Ra1 Nd7 1/2-1/2

[Event "Gibtelecom Masters 8th"]
[Site "Gibraltar"]
[Date "2010.01.26"]
[Round "1.73"]
[White "Ogada-Osir, Ibrahim Okinyi"]
[Black "Sommerhalder, Eric"]
[Result "1-0"]
[WhiteElo "2104"]
[BlackElo "1899"]
[PlyCount "83"]
[EventDate "2010.01.26"]
[EventType "swiss"]
[EventRounds "10"]
[EventCountry "GGB"]
[SourceDate "2005.02.07"]

1. c4 e5 2. Nc3 Nc6 3. g3 Nf6 4. Bg2 Bc5 5. e3 d5 6. cxd5 Nb4 7. d4 exd4 8exd4 Be7 9. Nf3 O-O 10. O-O Bf5 11. Ne5 Nfxd5 12. a3 Nxc3 13. bxc3 Nd5 14. c4
Nc3 15. Qe1 Na4 16. Bxb7 Qxd4 17. Nc6 Qxa1 18. Nxe7+ Kh8 19. Bxa8 Bd3 20. Bd5
Bxf1 21. Kxf1 Nc5 22. Bd2 Qxa3 23. Bb4 Qd3+ 24. Kg1 Nd7 25. Nc6 Rg8 26. Qe7
Qb1+ 27. Kg2 Nf6 28. Ne5 h6 29. Nxf7+ Kh7 30. Bf3 Re8 31. Qc5 Kg6 32. Ne5+ Rxe5
33. Qxe5 Qxb4 34. Qxc7 a5 35. c5 a4 36. c6 a3 37. Qa7 Qc3 38. Qa4 Qc1 39. h4
Qb2 40. h5+ Kf5 41. c7 Qc3 42. Qc6 1-0

[Event "Gibtelecom Masters 8th"]
[Site "Gibraltar"]
[Date "2010.01.26"]
[Round "1.74"]
[White "Pereira, Johnharry"]
[Black "Allor, Chukwuka"]
[Result "1-0"]
[WhiteElo "1892"]
[BlackElo "2100"]
[PlyCount "48"]
[EventDate "2010.01.26"]
[EventType "swiss"]
[EventRounds "10"]
[EventCountry "GGB"]
[SourceDate "2005.02.07"]

1. d4 Nf6 2. c4 g6 3. Nc3 d5 4. Nf3 Bg7 5. Qb3 dxc4 6. Qxc4 O-O 7. e4 Nc6 8Be2 Bg4 9. Be3 Nd7 10. Rd1 Nb6 11. Qc5 Nd7 12. Qb5 Bxf3 13. Bxf3 e5 14. Ne2 Qe7
15. O-O exd4 16. Nxd4 Nde5 17. Be2 a6 18. Nxc6 Nxc6 19. Qxb7 Nb4 20. Rc1 Nxa2
21. Rxc7 Qf6 22. Bc4 Rab8 23. Rxf7 Rxb7 24. Rxf6+ Kh8 1-0

[Event "Gibtelecom Masters 8th"]
[Site "Gibraltar"]
[Date "2010.01.26"]
[Round "1.76"]
[White "Bishop, Geoffrey L"]
[Black "Havik, Victor"]
[Result "0-1"]
[WhiteElo "1851"]
[BlackElo "2093"]
[PlyCount "62"]
[EventDate "2010.01.26"]
[EventType "swiss"]
[EventRounds "10"]
[EventCountry "GGB"]
[SourceDate "2005.02.07"]

1. e4 e5 2. Nf3 Nc6 3. Nc3 Nf6 4. Nxe5 Nxe5 5. d4 Nc6 6. d5 Ne5 7. f4 Bd6 8Qd4 Nfg4 9. Be2 O-O 10. Bd2 b6 11. O-O-O Bc5 12. Qa4 d6 13. fxe5 Nxe5 14. h3 a6
15. g4 Bf2 16. Rdf1 Bh4 17. Nd1 Bd7 18. Qd4 b5 19. Ne3 Bg5 20. Nf5 Bxf5 21Rxf5 Bxd2+ 22. Qxd2 Qe7 23. h4 Rac8 24. h5 c5 25. g5 f6 26. gxf6 Rxf6 27. Rg1
h6 28. Bf1 Rxf5 29. exf5 Nf3 30. Qf2 Nxg1 31. Qxg1 Qe1# 0-1